| 000 | 00862caa a22002417a 4500 | ||
|---|---|---|---|
| 999 |
_c408668 _d408668 |
||
| 001 | 122390 | ||
| 003 | UA-OsUOA | ||
| 005 | 20191027125326.0 | ||
| 007 | ta | ||
| 008 | 20170425b un ||||| |||| 00| 0 ukr d | ||
| 040 |
_aUA-OsUOA _bukr _cUA-OsUOA _dUA-OsUOA |
||
| 041 | _aukr | ||
| 080 | _a908 | ||
| 090 |
_a908 _bМ33 |
||
| 100 | _aМатвійчук О. Т. | ||
| 245 |
_aЕпоха В.-К. Острозького і музика _cО. Т. Матвійчук |
||
| 300 | _aС. 148-151 | ||
| 650 | 7 |
_a908 Краєзнавство _2UDC |
|
| 773 | 0 |
_0331088 _9355474 _dОстрог 1996 _o104077 _tМатеріали 6-ої Острізької конференції "Остріг на порозі 900-річчя" 1995 рік _w(UA-OsUOA) 44978 |
|
| 942 |
_cBKA _2udc |
||
| 955 | _a1 | ||